| 000 | 00696nam a22002297a 4500 | ||
|---|---|---|---|
| 001 | 27382 | ||
| 003 | UA-OsUOA | ||
| 005 | 20220701212506.0 | ||
| 007 | ta | ||
| 008 | 20040625b un ||||| |||| 00| 0 ukr d | ||
| 040 |
_aUA-OsUOA _brus _cUA-OsUOA _dUA-OsUOA |
||
| 041 | _arus | ||
| 044 | _aRU | ||
| 080 | _a72.01(100) | ||
| 090 |
_a72.01(100) _bА87 |
||
| 245 |
_aАрхитектура Запада: мастера и течения _cред. С. О. Хан-Магомедов |
||
| 260 |
_aМосква _bИздательство литературы по сторитеительству _c1972 |
||
| 300 |
_a216 с. _bІлюстрації |
||
| 650 | 7 | _2UDC | |
| 942 |
_cBK _2udc |
||
| 955 | _a0 | ||
| 999 |
_c313726 _d313726 |
||